=LDR 00000nam 2200000 4500 =001 INLIS000000000044530 =005 20131008110044 =008 ***********************************Ind** =035 ##$$0010-101300000002452 =041 ##$$a Ind =082 ##$$a F Rom D =090 ##$$a F rom D , San , c =100 ##$$a Asrul Sani =245 ##$$a Catatan dari Bawah tanah , Asrul Sani =260 ##$$a 1979 $b Jakarta =300 ##$$a 171 hlm , 17cm =850 ##$$a NBPNMAT